Czarnobiałe flagi - Statystyki

Ogólne statystyki
  • Ten quiz został rozwiązany 31 razy
  • Średni wynik to 13 z 16
Statystyki odpowiedzi
Obrazkowy Odpowiedź % Poprawnych
Bośnia i Hercegowina
96%
Meksyk
96%
Szwecja
88%
Austria
83%
Liban
83%
Polska
83%
Bułgaria
79%
Estonia
79%
Palau
79%
Senegal
79%
Kostaryka
75%
Trynidad i Tobago
75%
Somalia
71%
Boliwia
67%
Tonga
67%
Czad
54%
Nie znaleziono quizów pasujących do podanych kryteriów
Rozkład punktacji
Procent ludzi z każdym wynikiem
Percentyl według liczby udzielonych odpowiedzi
Twoja historia wyników
Nie rozwiązałeś tego quizu